Statistics for Random Country to Continent

Click here to take the quiz!

General Stats

  • This quiz has been taken 22 times
  • The average score is 17 of 20

Answer Stats

QuestionAnswer% Correct
GermanyEurope
100%
GambiaAfrica
90%
YemenAsia
90%
EstoniaEurope
90%
NetherlandsEurope
90%
BarbadosNorth America
90%
NauruOceania
90%
Equatorial GuineaAfrica
85%
Sierra LeoneAfrica
85%
AlbaniaEurope
85%
Saint Vincent and the GrenadinesNorth America
85%
EcuadorSouth America
85%
MauritaniaAfrica
80%
Sri LankaAsia
80%
San MarinoEurope
80%
East TimorAsia
75%
SurinameSouth America
75%
MaldivesAsia
70%
KiribatiOceania
70%
BelizeNorth America
65%

Score Distribution

Percentile by Number Answered

Percent of People with Each Score

Your Score History

You have not taken this quiz